00485nam a22001697a 450000500170000001000150001702000230003202000260005503500130008103700130009408200080010724500680011526000290018327000600021230000220027270000210029420100821124044.0 aENG-101198 a8189293621c225.00 a9788189293628c225.00 aEN-84731 bDBAD/PUB a880 aDiasporic :cedited by Jaydeep Sarangibliterature in english / aKolkatabBooks Wayc2009 a86A College Street (Y.M.C.A. Building)bKolkatae700073 a185p.c21cm (pbk) aSarangi, Jaydeep